| 000 -LEADER |
| fixed length control field |
00997nam a2200241Ia 4500 |
| 001 - CONTROL NUMBER |
| control field |
17635 |
| 003 - CONTROL NUMBER IDENTIFIER |
| control field |
GE_BSU |
| 005 - DATE AND TIME OF LATEST TRANSACTION |
| control field |
20200220152548.0 |
| 008 - FIXED-LENGTH DATA ELEMENTS--GENERAL INFORMATION |
| fixed length control field |
181216s1986ru xx |||||||||||||| ||rus|| |
| 040 ## - CATALOGING SOURCE |
| Transcribing agency |
GE_BSU |
| 041 ## - LANGUAGE CODE |
| Language code of text/sound track or separate title |
rus |
| 080 ## - UNIVERSAL DECIMAL CLASSIFICATION NUMBER |
| Universal Decimal Classification number |
911.2(21) В-58 |
| 100 ## - MAIN ENTRY--PERSONAL NAME |
| Personal name |
Власова, Т, В, |
| 9 (RLIN) |
7267 |
| 245 ## - TITLE STATEMENT |
| Title |
Физическая География Материков (с прилегающими частями океанов) : |
| Remainder of title |
часть 1 : Евразия,Северная Америка / |
| Statement of responsibility, etc. |
Т .В . Власова ; Ред. Т.А.Смирнова. |
| 250 ## - EDITION STATEMENT |
| Edition statement |
4-е издание перераб, |
| 264 ## - PRODUCTION, PUBLICATION, DISTRIBUTION, MANUFACTURE, AND COPYRIGHT NOTICE |
| Place of production, publication, distribution, manufacture |
Москва : |
| Name of producer, publisher, distributor, manufacturer |
Просвешение, |
| Date of production, publication, distribution, manufacture, or copyright notice |
1986. |
| 300 ## - PHYSICAL DESCRIPTION |
| Extent |
417стр, |
| Other physical details |
ил ; |
| Dimensions |
21 см. |
| 653 ## - INDEX TERM--UNCONTROLLED |
| keyword |
Физическая География |
| 653 ## - INDEX TERM--UNCONTROLLED |
| keyword |
გეოგრაფია |
| 653 ## - INDEX TERM--UNCONTROLLED |
| keyword |
ფიზიკური გეოგრაფია |
| 700 ## - ADDED ENTRY--PERSONAL NAME |
| Personal name |
Смирнова, Т.А |
| Relator term |
რედაქტორი |
| 9 (RLIN) |
7268 |
| 942 ## - ADDED ENTRY ELEMENTS (KOHA) |
| Koha item type |
წიგნი |
| Source of classification or shelving scheme |
|